শেষফল : (Record no. 48426)
[ view plain ]
| 000 -LEADER | |
|---|---|
| fixed length control field | 01012nam a2200253 a 4500 |
| 001 - CONTROL NUMBER | |
| control field | 48426 |
| 003 - CONTROL NUMBER IDENTIFIER | |
| rucl marc code | BD-RjUL |
| 005 - DATE AND TIME OF LATEST TRANSACTION | |
| control field | 20211209054525.0 |
| 008 - FIXED-LENGTH DATA ELEMENTS--GENERAL INFORMATION | |
| fixed length control field | 160814s1966 bg ||||| |||| 00| 0 ben d |
| 020 ## - INTERNATIONAL STANDARD BOOK NUMBER | |
| Terms of availability | : TK 2.00 |
| 035 ## - SYSTEM CONTROL NUMBER | |
| System control number | (BD-RjUL)48545 |
| 040 ## - CATALOGING SOURCE | |
| Original cataloging agency | BD-RjUL |
| Language of cataloging | ben |
| Transcribing agency | BD-RjUL |
| 041 ## - LANGUAGE CODE | |
| Language code of text/sound track or separate title | ben |
| 082 ## - DEWEY DECIMAL CLASSIFICATION NUMBER | |
| Edition number | 23 |
| Classification number | 891.442 |
| Author mark and year | SES 1966 |
| 245 00 - TITLE STATEMENT | |
| Title | শেষফল : |
| Remainder of title | সামাজিক নাটক / |
| 260 ## - PUBLICATION, DISTRIBUTION, ETC. (IMPRINT) | |
| Place of publication, distribution, etc. | চট্রগ্রাম : |
| Name of publisher, distributor, etc. | এ,কে,এম আবু জাফর, |
| Date of publication, distribution, etc. | ১৯৬৬ |
| 300 ## - PHYSICAL DESCRIPTION | |
| Pagination | [৮], ১০৩ পৃ. ; |
| Size | ১৭ সেমি. |
| 490 ## - SERIES STATEMENT | |
| Series statement | পাকিস্তান টোবাকো কোঃ ড্রামেটিক ক্লাব |
| 650 ## - SUBJECT ADDED ENTRY--TOPICAL TERM | |
| Topical term or geographic name as entry element | বাংলা নাটক |
| 9 (RLIN) | 146486 |
| Topical term or geographic name as entry element | Bengali Drama |
| 9 (RLIN) | 146487 |
| 700 ## - ADDED ENTRY--PERSONAL NAME | |
| Personal name | আহমদ, ফয়েজ, নাট্যরূপ |
| 856 ## - ELECTRONIC LOCATION AND ACCESS | |
| Materials specified | পাকিস্তান টোবাকো কোঃ ড্রামেটিক ক্লাব |
| 942 ## - ADDED ENTRY ELEMENTS (KOHA) | |
| Source of classification or shelving scheme | Dewey Decimal Classification |
| Koha item type | Books |
| Lost status | Source of classification or shelving scheme | Damaged status | Not for loan | Collection code | Permanent Location | Current Location | Shelving location | Date acquired | Source of acquisition | Cost, normal purchase price | Total Checkouts | Full call number | Date last seen | Copy number | Koha item type |
|---|---|---|---|---|---|---|---|---|---|---|---|---|---|---|---|
| Dewey Decimal Classification | Non-fiction | Central Library, University of Rajshahi | Central Library, University of Rajshahi | 22/10/1968 | Prantic | 2.00 | B 891.442 SES 1966 | 14/08/2016 | C-2 | Books | |||||
| Dewey Decimal Classification | Non-fiction | Central Library, University of Rajshahi | Central Library, University of Rajshahi | 22/10/1968 | Prantic | 2.00 | B 891.442 SES 1966 | 14/08/2016 | C-3 | Books | |||||
| Dewey Decimal Classification | Non-fiction | Central Library, University of Rajshahi | Central Library, University of Rajshahi | 22/10/1968 | Prantic | 2.00 | B 891.442 SES 1966 | 14/08/2016 | C-4 | Books | |||||
| Dewey Decimal Classification | Non-fiction | Central Library, University of Rajshahi | Central Library, University of Rajshahi | 22/10/1968 | Prantic | 2.00 | B 891.442 SES 1966 | 14/08/2016 | C-5 | Books |